=LDR 00000nam 2200000 4500 =001 INLIS000000000040743 =005 20130612150313 =008 ***********************************ind** =035 ##$$0010-061300000040743 =041 ##$$a ind =082 ##$$a 641.5 =090 ##$$a 641.5 , Hus ,j =100 ##$$a HOESNI, ALBERTIN =245 ##$$a Jamuan gaya metropolitan , Pesta ultah anak - anak BBQ , Albertin Hoesni =260 ##$$a 2005 $b Jakarta =650 ##$$a MASAKAN - RESEP =850 ##$$a NBPNMAT